000 01054cab a2200277 4500
001 WB2929-45
008 090401t1993 xxu||||| |||| 00| 0 eng d
035 _a(Sirsi) u39090
041 _aeng
245 _aNew set-aside/conservation measures
260 _c1993
350 _a0
490 _aFinancial Times
_v29 July 1993, 28
490 _aDaily Telegraph
_v29 July 1993, 1
490 _aMAFF News Release
_v(255/93) 28 July 1993 (9)
520 _aNew management rules for set-aside for 1993/94 maximise environmental potential and offer a `green dividend`. The detailed rules for non-rotational set-aside under the Arable Area Payments Scheme offer a range of options for management, including wildlife corridors through farms, provision of cover for birds and grassland.
650 _aARABLE AREA PAYMENTS SCHEME
650 _aCAP REFORM
650 _aNON-ROTATIONAL SET-ASIDE
650 _aSET-ASIDE
650 _aWILDLIFE CONSERVATION
690 _aCONSERVATION
690 _aRURAL PRACTICE
942 _n0
948 _c04/03/1997
999 _c25069
_d25069